[Event "35th T-ch GR"]
[Site "Ermioni"]
[Date "2006.07.06"]
[Round "2.4"]
[White "Wojtaszek, Radoslaw"]
[Black "Navara, David"]
[Result "1/2-1/2"]
[WhiteElo "2622"]
[BlackElo "2719"]
[PlyCount "75"]
[EventDate "2006.07.??"]
[Source "www.chesslib.no"]
[SourceDate "2004.05.04"]

1. d4 Nf6 2. c4 e6 3. Nf3 Bb4+ 4. Nbd2 O-O 5. a3 Be7 6. g3 b6 7. Bg2 Bb7 8. O-O c5 9. b3 cxd4 10. Bb2 Qc7 11. Nxd4 Bxg2 12. Kxg2 Nc6 13. N2f3 Rfd8 14. Rc1 Rac8 15. Qd3 Qb7 16. Nxc6 dxc6 17. Qc2 c5 18. Rfd1 Ne4 19. Rxd8+ Rxd8 20. Rd1 Rxd1 21. Qxd1 g5 22. Kg1 g4 23. Ne5 Bf6 24. f3 gxf3 25. exf3 Qc7 26. f4 Bg7 27. Qd3 f5 28. Kg2 Kf8 29. Qd1 Qd6 30. Qxd6+ Nxd6 31. Kf3 Ke8 32. Ke3 h5 33. Nd3 Bxb2 34. Nxb2 Ne4 35. Nd3 Nf6 36. h3 Kd7 37. Ne5+ Kd6 38. Nf7+ 1/2-1/2

[Event "Amsterdam"]
[Site "?"]
[Date "1987.??.??"]
[Round "?"]
[White "Karpov, A."]
[Black "Kortchnoi, V."]
[Result "1-0"]
[WhiteElo "2710"]
[BlackElo "2625"]
[PlyCount "73"]
[EventDate "1987.??.??"]
[Source "ChessBase"]
[SourceDate "1987.01.01"]

1. d4 Nf6 2. c4 e6 3. Nf3 Bb4+ 4. Bd2 c5 5. Bxb4 cxb4 6. g3 b6 7. Bg2 Bb7 8. O-O O-O 9. Qb3 a5 10. a3 Na6 11. Nbd2 Qe7 12. Rfd1 d6 13. Ne1 Bxg2 14. Nxg2 Rfd8 15. Ne3 Qe8 16. Qd3 e5 17. Ne4 Nxe4 18. Qxe4 exd4 19. Qxe8+ Rxe8 20. Rxd4 Rad8 21. Rad1 Re6 22. Kf1 b3 23. Nd5 Nc5 24. Nxb6 h6 25. f3 g5 26. R1d2 Kg7 27. Nd5 Na4 28. Nc7 Rf6 29. Nb5 Kf8 30. Nxd6 Rfxd6 31. Rxd6 Rxd6 32. Rxd6 Nxb2 33. Rd8+ Kg7 34. Rb8 Nxc4 35. a4 Kf6 36. e4 Ke5 37. Ke2 1-0

[Event "Linares"]
[Site "Linares"]
[Date "1991.??.??"]
[Round "1"]
[White "Gelfand, Boris"]
[Black "Timman, Jan H"]
[Result "1/2-1/2"]
[WhiteElo "2700"]
[BlackElo "2630"]
[PlyCount "43"]
[EventDate "1991.02.??"]
[Source "ChessBase"]

1. d4 Nf6 2. c4 e6 3. g3 d5 4. Bg2 Bb4+ 5. Nd2 O-O 6. Ngf3 b6 7. O-O Bb7 8. cxd5 exd5 9. Ne5 Nbd7 10. Ndf3 Nxe5 11. Nxe5 Bd6 12. Bf4 c5 13. Nd3 c4 14. Bxd6 Qxd6 15. Ne5 Rac8 16. Qa4 Rc7 17. Rfc1 Nd7 18. Nxd7 Bc6 19. Qa6 Rxd7 20. b3 Bb7 21. Qa4 Bc6 22. Qa6 1/2-1/2

[Event "France"]
[Site "?"]
[Date "1993.??.??"]
[Round "?"]
[White "Pinter, J."]
[Black "Karpov, An"]
[Result "1/2-1/2"]
[WhiteElo "2580"]
[BlackElo "2725"]
[PlyCount "175"]
[EventDate "1993.??.??"]
[Source "ChessBase"]
[SourceDate "1993.06.01"]

1. d4 Nf6 2. c4 e6 3. Nf3 b6 4. g3 Bb4+ 5. Bd2 Be7 6. Bg2 Bb7 7. Nc3 d5 8. cxd5 Nxd5 9. O-O O-O 10. Rc1 Nd7 11. Qc2 c5 12. Rfd1 Nxc3 13. Bxc3 Qe8 14. Qb1 Rc8 15. b3 h6 16. Qb2 Nf6 17. dxc5 Rxc5 18. Bd4 Rxc1 19. Rxc1 Qa8 20. h3 Rc8 21. Rxc8+ Qxc8 22. e3 Ne8 23. Qc3 Qa8 24. Ne1 Bxg2 25. Nxg2 Bf8 26. Nf4 Nd6 27. Be5 Ne4 28. Qc7 b5 29. h4 a6 30. Qd7 Nc5 31. Qd1 a5 32. Bd4 Ne4 33. Qc2 Bd6 34. Qb2 Bxf4 35. exf4 f6 36. Bb6 a4 37. Qd4 axb3 38. axb3 Qc6 39. Qe3 Qd5 40. Bd4 Nd6 41. Qc3 Nf5 42. Bb6 h5 43. Qc8+ Kh7 44. Qc2 Kh6 45. Qc3 Qe4 46. Bc5 Kh7 47. Kf1 Kg8 48. Kg1 Nh6 49. Qc1 Qd3 50. Qe3 Qd1+ 51. Kg2 Qd5+ 52. f3 Nf5 53. Qc3 Qd1 54. Bf2 Qe2 55. Qc8+ Kh7 56. Qc3 Kg6 57. b4 Ne7 58. Qe3 Qxe3 59. Bxe3 Kf7 60. Kf1 Nc6 61. Bc5 Kg6 62. Ke2 Kf5 63. Ke3 e5 64. fxe5 Nxe5 65. Bd4 Nc4+ 66. Ke2 Ke6 67. Kd3 g6 68. Ke4 Nd6+ 69. Kf4 Nf5 70. Bc3 Ne7 71. Ke4 f5+ 72. Kd4 Kd6 73. Ke3 Nd5+ 74. Kd4 Nc7 75. Bd2 Ne6+ 76. Kd3 Kd5 77. Bc3 Nd8 78. Bf6 Ne6 79. Bc3 g5 80. hxg5 Nxg5 81. Ke3 Ne6 82. Be1 f4+ 83. gxf4 Nd4 84. Kf2 Nf5 85. Kg2 Kc4 86. Kh3 Kd3 87. Bf2 Ke2 88. Kg2 1/2-1/2

[Event "Reggio Emilia"]
[Site "?"]
[Date "1991.??.??"]
[Round "?"]
[White "Polugaevsky, L."]
[Black "Salov, V."]
[Result "1-0"]
[WhiteElo "2630"]
[BlackElo "2665"]
[PlyCount "151"]
[EventDate "1991.??.??"]
[Source "ChessBase"]
[SourceDate "1991.10.01"]

1. d4 Nf6 2. c4 e6 3. Nf3 Bb4+ 4. Bd2 c5 5. Bxb4 cxb4 6. g3 b6 7. Bg2 Bb7 8. O-O O-O 9. Nbd2 d6 10. Qb3 a5 11. Rfd1 Na6 12. Nf1 Qe7 13. Ne3 Rfc8 14. Ne1 Bxg2 15. N1xg2 g6 16. Nf4 Kg7 17. a3 Rab8 18. Nd3 bxa3 19. bxa3 Nc7 20. a4 d5 21. Rac1 dxc4 22. Rxc4 Ncd5 23. Nxd5 Nxd5 24. e4 Rxc4 25. Qxc4 Nf6 26. f3 Rd8 27. Ne5 Qa3 28. Kg2 Nd7 29. Nd3 Nf6 30. Rb1 g5 31. g4 h5 32. h3 Rc8 33. Qxc8 Qxd3 34. Qc1 Qe2+ 35. Kg1 Qxf3 36. Qxg5+ Kh7 37. gxh5 Nxe4 38. Qg2 Qe3+ 39. Kh1 Ng3+ 40. Kh2 Nxh5 41. Rf1 Qxd4 42. Rxf7+ Kh6 43. Qg4 Qd6+ 44. Kg1 Qc5+ 45. Rf2 Ng7 46. Qe4 e5 47. Qh4+ Nh5 48. Kh2 Qd6 49. Qe4 Nf4 50. Rc2 Kg5 51. Qf3 Qd7 52. Rb2 Qd4 53. Qg4+ Kf6 54. Qh4+ Kg6 55. Qf2 Qxa4 56. Qxb6+ Kf5 57. Qb7 Qd4 58. Qf7+ Ke4 59. Qh7+ Ke3 60. Qc2 a4 61. Ra2 Qd7 62. Ra3+ Nd3 63. Qc1+ Ke2 64. Qg5 Qd5 65. Qg2+ Qxg2+ 66. Kxg2 e4 67. Rxa4 Ne1+ 68. Kg3 e3 69. h4 Kd2 70. Ra2+ Kd3 71. h5 Nc2 72. Ra8 e2 73. Rd8+ Ke4 74. Re8+ Kf5 75. Rxe2 Nd4 76. Rd2 1-0

[Event "Polanica Zdroj"]
[Site "?"]
[Date "1995.??.??"]
[Round "?"]
[White "Huebner, R."]
[Black "Tiviakov, S."]
[Result "1-0"]
[WhiteElo "2630"]
[BlackElo "2655"]
[PlyCount "79"]
[EventDate "1995.??.??"]
[Source "ChessBase"]
[SourceDate "1995.06.01"]

1. d4 Nf6 2. Nf3 e6 3. g3 b6 4. Bg2 Bb7 5. c4 Bb4+ 6. Bd2 Be7 7. Nc3 c6 8. O-O d5 9. Ne5 O-O 10. Bf4 Nbd7 11. Rc1 Nh5 12. Be3 Nhf6 13. f4 Rc8 14. Bf2 Nxe5 15. dxe5 Ng4 16. Bd4 dxc4 17. h3 c5 18. Bxb7 cxd4 19. hxg4 Rc7 20. Ne4 Rxb7 21. Rxc4 Qd5 22. Qd3 Rd7 23. b3 f6 24. exf6 Bxf6 25. Rd1 Rfd8 26. Qf3 h6 27. Kg2 Qa5 28. a4 Be7 29. Nf2 b5 30. axb5 Qxb5 31. Rd3 Rd5 32. Qe4 Qd7 33. Rd2 Rd6 34. Nd3 Qb5 35. Rc7 Bf6 36. Rb7 Qa6 37. Rc2 Re8 38. Rcc7 Qa5 39. Qg6 Qd5+ 40. Kf2 1-0

[Event "Jakarta Gunadarma"]
[Site "Jakarta"]
[Date "1996.??.??"]
[Round "8"]
[White "Gurevich, Mikhail"]
[Black "Sokolov, Ivan"]
[Result "1/2-1/2"]
[WhiteElo "2605"]
[BlackElo "2670"]
[PlyCount "31"]
[EventDate "1996.10.15"]
[Source "ChessBase"]

1. Nf3 Nf6 2. c4 e6 3. d4 Bb4+ 4. Bd2 Qe7 5. g3 b6 6. Bg2 Bb7 7. O-O Bxd2 8. Qxd2 O-O 9. Nc3 d5 10. cxd5 exd5 11. Qf4 Na6 12. Rac1 c6 13. Rfe1 Rae8 14. Nh4 g6 15. Nf3 Nc7 16. Qh4 1/2-1/2

[Event "Manila"]
[Site "Manila PHI"]
[Date "1975.??.??"]
[Round "9"]
[White "Polugaevsky, Lev A"]
[Black "Larsen, Bent"]
[Result "1/2-1/2"]
[WhiteElo "2645"]
[BlackElo "2625"]
[PlyCount "73"]
[EventDate "1975.??.??"]
[Source "www.chesslib.no"]
[SourceDate "2004.05.04"]

1. d4 Nf6 2. c4 e6 3. Nf3 b6 4. g3 Bb4+ 5. Bd2 Bxd2+ 6. Qxd2 Bb7 7. Bg2 O-O 8. Nc3 d6 9. O-O Ne4 10. Nxe4 Bxe4 11. Nh4 Bxg2 12. Nxg2 Nd7 13. e4 Qc8 14. Rae1 c5 15. b3 cxd4 16. Qxd4 Qc6 17. Re2 Rfd8 18. Rd1 Ne5 19. Ne1 Rd7 20. Red2 Rad8 21. a4 h6 22. h3 Qc5 23. Qc3 Nc6 24. Qf3 Qg5 25. Kg2 Kf8 26. Nc2 a6 27. Nd4 Nxd4 28. Rxd4 Qa5 29. Qd3 Ke7 30. h4 Qc5 31. Qf3 Qc7 32. h5 b5 33. axb5 axb5 34. Qg4 Kf8 35. cxb5 Qc5 36. Qe2 Rb8 37. Qc4 1/2-1/2

[Event "Ubeda"]
[Site "Ubeda"]
[Date "1997.??.??"]
[Round "8"]
[White "Illescas Cordoba, Miguel"]
[Black "Kortschnoj, Viktor"]
[Result "1/2-1/2"]
[WhiteElo "2635"]
[BlackElo "2635"]
[PlyCount "93"]
[EventDate "1997.02.??"]
[Source "ChessBase"]

1. d4 Nf6 2. c4 e6 3. Nf3 b6 4. g3 Bb7 5. Bg2 Bb4+ 6. Bd2 c5 7. O-O O-O 8. Bxb4 cxb4 9. Qd3 d5 10. Nbd2 dxc4 11. Nxc4 Nc6 12. Rfe1 Rc8 13. e3 Ba6 14. Qb3 Nxd4 15. Nxd4 Bxc4 16. Qxb4 Bd5 17. Bxd5 Qxd5 18. Qb3 Qh5 19. Kg2 e5 20. Nf3 Qf5 21. Rac1 h5 22. Qb5 Ng4 23. e4 Qe6 24. h3 Nf6 25. Qxe5 Qxa2 26. Ra1 Qb3 27. Qf5 Qxb2 28. e5 Rc5 29. Rxa7 Nd5 30. Ng5 g6 31. Qf3 Qc3 32. Rxf7 Qxf3+ 33. Rxf3 Rxf3 34. Kxf3 b5 35. Ra1 Nc7 36. Ke4 b4 37. f4 b3 38. Rb1 Rc3 39. Rd1 b2 40. Rd8+ Kg7 41. Rb8 Rc2 42. Kd3 Rg2 43. Kd4 Rd2+ 44. Kc3 Rg2 45. Rb7 Kf8 46. Ne4 h4 47. Rxb2 1/2-1/2

[Event "SUI-chT 2003"]
[Site "SUI"]
[Date "2003.03.02"]
[Round "1.1"]
[White "Dautov, Rustem"]
[Black "Kortschnoj, Viktor"]
[Result "1/2-1/2"]
[WhiteElo "2604"]
[BlackElo "2664"]
[PlyCount "120"]
[EventDate "2003.03.02"]
[Source "Roberto Alvarez"]
[SourceDate "2003.03.17"]

1. d4 Nf6 2. c4 e6 3. Nf3 b6 4. g3 Bb7 5. Bg2 Bb4+ 6. Bd2 c5 7. Bxb4 cxb4 8. O-O O-O 9. Qd3 d6 10. Nbd2 Qc7 11. e4 e5 12. Ne1 Nc6 13. Nc2 a5 14. Rfd1 Rfe8 15. Rac1 Rad8 16. f3 Ba6 17. Qe3 h6 18. Qf2 Qa7 19. Bf1 Rc8 20. b3 exd4 21. Nxd4 Nxd4 22. Qxd4 Rc6 23. Bd3 Qe7 24. Nf1 Qe5 25. Qf2 Rec8 26. Ne3 b5 27. Rc2 bxc4 28. Bxc4 Bxc4 29. Nxc4 Qb5 30. Rxd6 a4 31. Rxc6 Rxc6 32. Rd2 axb3 33. axb3 Rc8 34. Kg2 Ra8 35. Qd4 Ne8 36. Qd5 Nc7 37. Qxb5 Nxb5 38. Kf2 Ra1 39. Rd8+ Kh7 40. Rb8 Nd4 41. Nd2 Ra2 42. Ke3 Nc2+ 43. Ke2 Rb2 44. Rd8 Na1 45. Rd3 f6 46. f4 h5 47. Kd1 Kg6 48. h4 Kf7 49. Rd7+ Ke8 50. Rxg7 Nxb3 51. Nc4 Rg2 52. Ne3 Kf8 53. Nxg2 Kxg7 54. e5 Nd4 55. exf6+ Kxf6 56. Ne3 b3 57. Kc1 Ne2+ 58. Kb2 Nxg3 59. Kxb3 Ne2 60. Kc4 Nxf4 1/2-1/2

[Event "TCh-ROM A"]
[Site "?"]
[Date "2005.05.24"]
[Round "4"]
[White "Gyimesi Zoltan"]
[Black "Nisipeanu Liviu-Dieter"]
[Result "1/2-1/2"]
[WhiteElo "2595"]
[BlackElo "2670"]
[PlyCount "38"]
[EventDate "2005.??.??"]
[Source "www.chesslib.no"]
[SourceDate "2004.05.04"]

1. d4 Nf6 2. c4 e6 3. Nf3 Bb4+ 4. Nbd2 b6 5. g3 Bb7 6. Bg2 O-O 7. O-O Bxd2 8. Qxd2 d6 9. b3 Nbd7 10. Bb2 Re8 11. Rfe1 a5 12. Qc2 Be4 13. Qc3 a4 14. Rad1 axb3 15. axb3 c6 16. Bf1 b5 17. Nd2 bxc4 18. bxc4 Nb6 19. Ra1 Na4 1/2-1/2

[Event "Amber-blind 9th"]
[Site "Monte Carlo"]
[Date "2000.03.28"]
[Round "11"]
[White "Topalov, Veselin"]
[Black "Ljubojevic, Ljubomir"]
[Result "1/2-1/2"]
[WhiteElo "2702"]
[BlackElo "2559"]
[PlyCount "79"]
[EventDate "2000.03.16"]
[Source "ChessBase"]
[SourceDate "2000.05.31"]

1. d4 Nf6 2. c4 e6 3. Nf3 b6 4. g3 Bb4+ 5. Bd2 Be7 6. Bg2 Bb7 7. Nc3 d5 8. cxd5 exd5 9. O-O O-O 10. Bf4 Nbd7 11. Qb3 c5 12. Rfd1 c4 13. Qc2 a6 14. a4 Nb8 15. b3 cxb3 16. Qxb3 Nc6 17. Ne5 Nb4 18. Rac1 Rc8 19. Bh3 Rc7 20. Ng4 Rc6 21. Ne3 Bc8 22. Bxc8 Rxc8 23. Be5 a5 24. Bxf6 Bxf6 25. Nexd5 Nxd5 26. Qxd5 Qxd5 27. Nxd5 Rxc1 28. Nxf6+ gxf6 29. Rxc1 Kg7 30. Kg2 Rd8 31. Kf3 Rxd4 32. Rc6 Rxa4 33. Rxb6 Ra1 34. Ra6 a4 35. Kg4 Ra2 36. Kf3 Ra1 37. h4 h5 38. Kf4 Ra2 39. f3 Rxe2 40. Rxa4 1/2-1/2

[Event "Groningen"]
[Site "Groningen"]
[Date "1995.??.??"]
[Round "5"]
[White "Piket, Jeroen"]
[Black "Hansen, Curt"]
[Result "1/2-1/2"]
[WhiteElo "2625"]
[BlackElo "2635"]
[PlyCount "52"]
[EventDate "1995.12.??"]
[Source "ChessBase"]

1. d4 Nf6 2. c4 e6 3. Nf3 d5 4. g3 Bb4+ 5. Nbd2 O-O 6. Bg2 b6 7. O-O Bb7 8. cxd5 exd5 9. a3 Bd6 10. Nh4 Re8 11. b3 Nbd7 12. Bb2 g6 13. e3 Ne4 14. Qc2 a5 15. Nhf3 Qe7 16. Rfe1 Rac8 17. Nxe4 dxe4 18. Nd2 c5 19. dxc5 Nxc5 20. Qc3 Be5 21. Qxe5 Qxe5 22. Bxe5 Rxe5 23. Red1 b5 24. Bf1 Rd5 25. b4 axb4 26. axb4 Na6 1/2-1/2

[Event "Roquebrune"]
[Site "Roquebrune"]
[Date "1992.??.??"]
[Round "?"]
[White "Karpov, Anatoly"]
[Black "Larsen, Bent"]
[Result "1-0"]
[WhiteElo "2725"]
[BlackElo "2535"]
[PlyCount "70"]
[EventDate "1992.02.??"]
[Source "ChessBase"]

1. d4 Nf6 2. c4 e6 3. Nf3 b6 4. g3 Bb7 5. Bg2 Bb4+ 6. Bd2 Bxd2+ 7. Qxd2 O-O 8. O-O d6 9. Nc3 Ne4 10. Nxe4 Bxe4 11. Qe3 Bb7 12. b4 a5 13. a3 Nd7 14. Rfd1 Qe7 15. d5 e5 16. Nd4 g6 17. Nc6 Bxc6 18. dxc6 Nf6 19. Qc3 h5 20. h3 Rfe8 21. Bd5 Nxd5 22. Rxd5 Qe6 23. Kg2 e4 24. bxa5 Rxa5 25. Rxa5 bxa5 26. Rd1 a4 27. Rd5 e3 28. f3 Rb8 29. Qd4 Rb6 30. Ra5 Kh7 31. g4 hxg4 32. hxg4 Rxc6 33. Rxa4 Qe5 34. Qxe5 dxe5 35. g5 Kg7 1-0

[Event "Groningen op"]
[Site "Groningen"]
[Date "1999.12.22"]
[Round "4"]
[White "Kasimdzhanov, Rustam"]
[Black "Epishin, Vladimir"]
[Result "1/2-1/2"]
[WhiteElo "2603"]
[BlackElo "2657"]
[PlyCount "40"]
[EventDate "1999.12.19"]
[Source "ChessBase"]
[SourceDate "2000.01.11"]

1. d4 Nf6 2. c4 e6 3. Nf3 b6 4. g3 Bb4+ 5. Bd2 Qe7 6. Bg2 Bb7 7. O-O Bxd2 8. Qxd2 d6 9. Nc3 Ne4 10. Nxe4 Bxe4 11. d5 e5 12. Bh3 Bxf3 13. exf3 O-O 14. Bf5 Qf6 15. Be4 Nd7 16. b4 a5 17. a3 Ra7 18. Rfe1 g6 19. Kg2 Rfa8 20. Rac1 axb4 1/2-1/2

[Event "Lone Pine op"]
[Site "Lone Pine"]
[Date "1978.??.??"]
[Round "8"]
[White "Petrosian, Tigran V"]
[Black "Polugaevsky, Lev"]
[Result "1/2-1/2"]
[WhiteElo "2620"]
[BlackElo "2620"]
[PlyCount "84"]
[EventDate "1978.04.??"]
[Source "ChessBase"]

1. d4 Nf6 2. Nf3 e6 3. c4 b6 4. g3 Bb7 5. Bg2 Bb4+ 6. Bd2 Be7 7. Nc3 O-O 8. O-O Na6 9. Qa4 Qc8 10. Rfe1 c5 11. e4 cxd4 12. Nxd4 d6 13. Rad1 Re8 14. h3 Nc5 15. Qc2 Ncd7 16. b3 a6 17. Bc1 Bf8 18. Bb2 Qc7 19. Qd2 Rad8 20. Re2 Qb8 21. Rde1 g6 22. Rd1 Bg7 23. Kh2 Nc5 24. Rde1 Ba8 25. Kg1 h5 26. h4 Ng4 27. Ba1 Nf6 28. Qd1 Bb7 29. Bb2 Ba8 30. Bc1 b5 31. cxb5 axb5 32. b4 Na6 33. Ndxb5 d5 34. Qa4 Nc7 35. Qa5 Nxb5 36. Nxb5 Nxe4 37. Bxe4 dxe4 38. Nc7 e3 39. Bxe3 Bc3 40. Rc1 Bxb4 41. Qa4 Qb7 42. Nxa8 Rxa8 1/2-1/2

[Event "Manila (ol)"]
[Site "?"]
[Date "1992.??.??"]
[Round "?"]
[White "Ehlvest, J."]
[Black "Timman, J."]
[Result "1/2-1/2"]
[WhiteElo "2615"]
[BlackElo "2620"]
[PlyCount "110"]
[EventDate "1992.??.??"]
[Source "ChessBase"]
[SourceDate "1992.06.01"]

1. d4 Nf6 2. c4 e6 3. Nf3 d5 4. g3 Bb4+ 5. Nbd2 O-O 6. Bg2 b6 7. O-O Bb7 8. cxd5 exd5 9. Ne5 Bd6 10. Ndf3 c5 11. b3 Na6 12. Bb2 Rc8 13. Rc1 Rc7 14. Re1 Re8 15. Nd3 c4 16. bxc4 dxc4 17. Nde5 Qc8 18. Ng5 Bxg2 19. Kxg2 c3 20. Nexf7 Qb7+ 21. e4 Rxf7 22. Nxf7 Qxf7 23. Bxc3 Nxe4 24. Qf3 Qxf3+ 25. Kxf3 Ng5+ 26. Kg4 Ne4 27. Kf3 Ng5+ 28. Kg4 Ne6 29. f4 Nec7 30. Rxe8+ Nxe8 31. d5 Kf7 32. Be5 Bc5 33. Kf5 Nac7 34. Bxc7 Nxc7 35. Ke5 Ne8 36. g4 Bd6+ 37. Ke4 Nf6+ 38. Kf3 Nxd5 39. Rd1 Ke6 40. f5+ Ke5 41. Re1+ Kd4 42. Rd1+ Kc4 43. g5 Be7 44. h4 b5 45. Rg1 b4 46. h5 a5 47. f6 Nxf6 48. Rc1+ Kd3 49. gxf6 Bxf6 50. h6 a4 51. hxg7 Bxg7 52. Rc7 Bc3 53. Rxh7 Kc2 54. Ke4 Kb1 55. a3 bxa3 1/2-1/2

[Event "Donetsk (zt) 74/535"]
[Site "?"]
[Date "1998.??.??"]
[Round "?"]
[White "Tukmakov, Vladimir B"]
[Black "Onischuk, Alexander"]
[Result "1-0"]
[WhiteElo "2605"]
[BlackElo "2630"]
[PlyCount "67"]
[EventDate "1998.??.??"]
[Source "ChessBase"]
[SourceDate "1998.10.01"]

1. Nf3 Nf6 2. c4 b6 3. g3 Bb7 4. d4 e6 5. Bg2 Bb4+ 6. Bd2 Qe7 7. O-O Bxd2 8. Qxd2 d6 9. Nc3 Ne4 10. Nxe4 Bxe4 11. Qe3 Bb7 12. d5 e5 13. b4 Nd7 14. Nd2 a5 15. a3 O-O 16. Nb3 a4 17. Nd4 Qd8 18. Nb5 Ba6 19. Qc3 f5 20. Qc2 Bxb5 21. cxb5 Rf7 22. Bh3 e4 23. f3 Nf8 24. fxe4 Qe8 25. Rxf5 Rxf5 26. Bxf5 Qxb5 27. Rf1 Ra7 28. e5 Qxd5 29. Be4 Qd4+ 30. e3 Qxe3+ 31. Kg2 Nd7 32. Bd5+ Kh8 33. Bc6 dxe5 34. Qf5 1-0

[Event "Tch (Men) 2005/2006 FRA"]
[Site "?"]
[Date "2006.04.01"]
[Round "6"]
[White "Sakaev Konstantin"]
[Black "Pelletier Yannick"]
[Result "1-0"]
[WhiteElo "2649"]
[BlackElo "2579"]
[PlyCount "97"]
[EventDate "2006.??.??"]
[Source "www.chesslib.no"]
[SourceDate "2004.05.04"]

1. d4 Nf6 2. c4 e6 3. Nf3 Bb4+ 4. Bd2 a5 5. g3 b6 6. Bg2 Bb7 7. O-O Bxd2 8. Qxd2 O-O 9. Qf4 Nh5 10. Qe3 d6 11. Nc3 Nd7 12. Rfe1 Nhf6 13. b3 Qb8 14. Qd3 c5 15. e4 cxd4 16. Nxd4 Rd8 17. Rad1 Nc5 18. Qe2 Ne8 19. Rd2 Qc7 20. Red1 Qe7 21. h3 g6 22. Ndb5 Bc6 23. Nd4 Bb7 24. Ndb5 Bc6 25. f4 Bxb5 26. Nxb5 e5 27. Qe3 Rab8 28. f5 Na6 29. Rf2 Nac7 30. Nc3 f6 31. h4 Kg7 32. g4 b5 33. cxb5 d5 34. exd5 Nxb5 35. Nxb5 Rxb5 36. g5 Qc5 37. Qxc5 Rxc5 38. fxg6 hxg6 39. Re1 fxg5 40. hxg5 Nc7 41. Rxe5 Nxd5 42. Rf1 Rb5 43. a4 Rc5 44. Bf3 Rd6 45. Rd1 Nc3 46. Rxc5 Nxd1 47. Rxa5 Ne3 48. Kf2 Rd3 49. Rb5 1-0

[Event "Politiken Cup"]
[Site "?"]
[Date "2005.07.24"]
[Round "10"]
[White "Hansen Curt"]
[Black "Kortschnoj Viktor"]
[Result "1/2-1/2"]
[WhiteElo "2613"]
[BlackElo "2615"]
[PlyCount "75"]
[EventDate "2005.??.??"]
[Source "www.chesslib.no"]
[SourceDate "2004.05.04"]

1. d4 Nf6 2. c4 e6 3. Nf3 Bb4+ 4. Bd2 a5 5. g3 b6 6. Bg2 Bb7 7. O-O O-O 8. Bg5 Be7 9. Qc2 h6 10. Bxf6 Bxf6 11. Nc3 Nc6 12. Rad1 d5 13. a3 Rb8 14. cxd5 exd5 15. e4 dxe4 16. Nxe4 Na7 17. d5 Nb5 18. Rfe1 Bc8 19. a4 Nd6 20. Nxf6+ Qxf6 21. Qxc7 Bg4 22. Qe7 Qxe7 23. Rxe7 b5 24. axb5 Rxb5 25. Rd2 Rfb8 26. Ne5 Bc8 27. h4 f6 28. Nc6 Rxb2 29. Rxb2 Rxb2 30. Ra7 Kh7 31. Ne7 Bb7 32. Bf3 Rb1+ 33. Kg2 Rb5 34. h5 f5 35. Kh3 Rb2 36. Kg2 Rb5 37. Kh3 Rb2 38. Kg2 1/2-1/2

[Event "Antwerpen"]
[Site "?"]
[Date "1994.??.??"]
[Round "?"]
[White "van der Sterren, P."]
[Black "Kortchnoi, V."]
[Result "1-0"]
[WhiteElo "2605"]
[BlackElo "2615"]
[PlyCount "59"]
[EventDate "1994.??.??"]
[Source "ChessBase"]
[SourceDate "1994.06.01"]

1. d4 Nf6 2. c4 e6 3. Nf3 b6 4. g3 Bb4+ 5. Bd2 Bxd2+ 6. Qxd2 Bb7 7. Bg2 O-O 8. Nc3 Ne4 9. Qd3 Nxc3 10. Ng5 Ne4 11. Bxe4 Bxe4 12. Qxe4 Qxg5 13. Qxa8 Nc6 14. Qb7 Nxd4 15. O-O Nxe2+ 16. Kh1 Qc5 17. Qe4 Nd4 18. Rad1 e5 19. Qd5 c6 20. Qxd7 Qxc4 21. Qxa7 h5 22. Qxb6 Qe2 23. f3 Re8 24. Rde1 Qc4 25. Qa5 h4 26. gxh4 f5 27. Rf2 c5 28. Qc7 Ne6 29. Qxe5 Qxh4 30. Rfe2 1-0

[Event "SUI Team Ch"]
[Site "Switzerland"]
[Date "1994.??.??"]
[Round "4"]
[White "Gavrikov, Viktor N"]
[Black "Korchnoi, Viktor L"]
[Result "1/2-1/2"]
[WhiteElo "2590"]
[BlackElo "2615"]
[PlyCount "37"]
[EventDate "1994.??.??"]
[Source "www.chesslib.no"]
[SourceDate "2004.05.04"]

1. Nf3 Nf6 2. c4 e6 3. d4 b6 4. g3 Bb7 5. Bg2 Bb4+ 6. Bd2 Bxd2+ 7. Qxd2 O-O 8. Nc3 Ne4 9. Qd3 Nxc3 10. Qxc3 d6 11. O-O Nd7 12. Rfd1 Nf6 13. Nh4 Bxg2 14. Nxg2 c6 15. Rac1 Rc8 16. Qd3 d5 17. Rc2 Qd7 18. cxd5 cxd5 19. Rdc1 1/2-1/2

[Event "Znojmo m 30'"]
[Site "Znojmo"]
[Date "1999.05.04"]
[Round "4"]
[White "Ftacnik, Lubomir"]
[Black "Rogers, Ian"]
[Result "1/2-1/2"]
[WhiteElo "2585"]
[BlackElo "2618"]
[PlyCount "106"]
[EventDate "1999.05.??"]
[Source "ChessBase"]
[SourceDate "1999.07.10"]

1. d4 Nf6 2. Nf3 e6 3. c4 Bb4+ 4. Nbd2 b6 5. g3 Bb7 6. Bg2 O-O 7. O-O d5 8. Ne5 Be7 9. b3 Na6 10. Bb2 c5 11. cxd5 exd5 12. Ndc4 Re8 13. Ne3 Rb8 14. Rc1 Bf8 15. Nd3 Ne4 16. Nf4 Nc7 17. Rc2 Ne6 18. Nxe6 Rxe6 19. Qc1 Qg5 20. Rd1 Rd8 21. Nf1 Qxc1 22. Rdxc1 Rde8 23. Rd1 Ba6 24. dxc5 Bxc5 25. Bd4 Bb7 26. Bxc5 bxc5 27. e3 Ra6 28. Nd2 Nf6 29. Nb1 h6 30. Nc3 d4 31. Bxb7 Rb6 32. Bf3 dxc3 33. Rxc3 Re5 34. Rd8+ Kh7 35. Rc8 Ra6 36. a4 Rb6 37. Bd1 Ne4 38. Bc2 f5 39. Bxe4 Rxe4 40. R8xc5 Kg6 41. Rc6+ Kg5 42. Rxb6 axb6 43. Rc4 Re6 44. b4 Rd6 45. b5 Rd1+ 46. Kg2 Ra1 47. Rc6 Rxa4 48. Rxb6 Rb4 49. Kf3 g6 50. h4+ Kh5 51. Rb8 Rb2 52. b6 Rb4 53. b7 Rb2 1/2-1/2

[Event "Women-Veterans"]
[Site "Prague"]
[Date "1995.??.??"]
[Round "8"]
[White "Polgar, Zsuzsa"]
[Black "Kortschnoj, Viktor"]
[Result "1/2-1/2"]
[WhiteElo "2565"]
[BlackElo "2635"]
[PlyCount "36"]
[EventDate "1995.07.??"]
[Source "ChessBase"]

1. d4 Nf6 2. c4 e6 3. Nf3 b6 4. g3 Bb7 5. Bg2 Bb4+ 6. Bd2 Bxd2+ 7. Qxd2 O-O 8. Nc3 Ne4 9. Nxe4 Bxe4 10. O-O d5 11. Qf4 Nd7 12. Rac1 Nf6 13. a3 Rc8 14. c5 c6 15. Ne5 Bxg2 16. Kxg2 Nd7 17. Nxd7 Qxd7 18. Rc3 f6 1/2-1/2

[Event "RUS-chT"]
[Site "Tomsk"]
[Date "2001.05.17"]
[Round "5"]
[White "Vladimirov, Evgeny"]
[Black "Balashov, Yuri S"]
[Result "1/2-1/2"]
[WhiteElo "2612"]
[BlackElo "2581"]
[PlyCount "62"]
[EventDate "2001.05.13"]
[Source "ChessBase"]
[SourceDate "2001.07.03"]

1. d4 Nf6 2. c4 e6 3. Nf3 Bb4+ 4. Nbd2 b6 5. g3 Bb7 6. Bg2 O-O 7. O-O d5 8. cxd5 exd5 9. Ne5 Nbd7 10. Ndf3 Ne4 11. Bf4 Bd6 12. Nd3 Bxf4 13. Nxf4 Qe7 14. Rc1 c6 15. Bh3 Ndf6 16. Nd3 c5 17. b3 a5 18. Nb2 Ba6 19. Rc2 Rfe8 20. Qc1 h6 21. Re1 Qd6 22. Qf4 Qxf4 23. gxf4 Bb5 24. dxc5 bxc5 25. Nd3 a4 26. Nxc5 Nxc5 27. Rxc5 Bxe2 28. Nd4 axb3 29. axb3 Bd3 30. Rxe8+ Rxe8 31. Rc8 Kf8 1/2-1/2

[Event "Mephisto-GM-Turnier"]
[Site "Altensteig"]
[Date "1993.??.??"]
[Round "3"]
[White "Hansen, Lars Bo"]
[Black "Jussupow, Artur"]
[Result "0-1"]
[WhiteElo "2560"]
[BlackElo "2630"]
[PlyCount "100"]
[EventDate "1993.07.??"]
[Source "ChessBase"]

1. d4 Nf6 2. c4 e6 3. g3 Bb4+ 4. Nd2 d5 5. Bg2 O-O 6. Ngf3 b6 7. O-O Bb7 8. cxd5 exd5 9. Ne5 Re8 10. Ndc4 h6 11. Ne3 Bd6 12. Nd3 Nbd7 13. b3 Ne4 14. Qc2 Qf6 15. Bb2 Qe6 16. Qc1 c5 17. dxc5 bxc5 18. Nc2 f5 19. Rd1 Qf7 20. Nf4 Rad8 21. Ne3 Bxf4 22. gxf4 d4 23. Nf1 Qg6 24. f3 Nef6 25. Ng3 Nd5 26. Bh3 Rxe2 27. Bxf5 Qf6 28. Nxe2 Qxf5 29. Bxd4 cxd4 30. Rxd4 Qh5 31. Ng3 Qxf3 32. Qf1 Qc3 33. Ne2 Qc2 34. Rc1 Qg6+ 35. Ng3 Qb6 36. Qf2 N7f6 37. Rd2 Qe6 38. Re1 Qh3 39. Qf1 Qxf1+ 40. Rxf1 Re8 41. h3 Re3 42. Nf5 Rxh3 43. Rc1 Nc3 44. Rh2 Ne2+ 45. Rxe2 Rh1+ 46. Kf2 Rxc1 47. Re7 Rc2+ 48. Ke1 Be4 49. Nd6 Bd3 50. Rxa7 Nd5 0-1

[Event "Altensteig"]
[Site "?"]
[Date "1995.??.??"]
[Round "?"]
[White "Dautov, R."]
[Black "Wojtkiewicz, A."]
[Result "1/2-1/2"]
[WhiteElo "2620"]
[BlackElo "2570"]
[PlyCount "36"]
[EventDate "1995.??.??"]
[Source "ChessBase"]
[SourceDate "1995.06.01"]

1. d4 Nf6 2. c4 e6 3. Nf3 b6 4. g3 Bb4+ 5. Bd2 Bxd2+ 6. Qxd2 Bb7 7. Bg2 O-O 8. O-O c5 9. Nc3 cxd4 10. Qxd4 Nc6 11. Qh4 Qe7 12. Ng5 h6 13. Nge4 Nxe4 14. Qxe7 Nxe7 15. Bxe4 Bxe4 16. Nxe4 d5 17. cxd5 Nxd5 18. Rac1 Rfd8 1/2-1/2